000 00659nam a2200277Ia 4500
005 20260324135703.0
008 008 260324s9999 xx 000 0 eng d
020 _a9780203045060
037 _aEBOOK
040 _aCRL
040 _beng
040 _cCRL
041 _2eng
041 _aeng
084 _qCRL
100 _aStuart Croft; Terry Terriff
_91201521
245 0 _aCritical Reflections on Security and Change
260 _bTaylor and Francis
260 _c2000
365 _a
365 _b255
856 _uhttp://www.taylorfrancis.com/books/9780203045060
942 _cEBOOK
999 _c1802878
_d1802878